Komparácia poisťovní a bánk diplomová práca
Saved in:
| Main Author: | |
|---|---|
| Corporate Author: | |
| Other Authors: | |
| Format: | Book |
| Language: | Slovak |
| Published: |
Bratislava
2017
|
| Tags: |
No Tags, Be the first to tag this record!
|
MARC
| LEADER | 00000nbm a2200000 4500 | ||
|---|---|---|---|
| 001 | 0231937 | ||
| 005 | 20170713121229.6 | ||
| 041 | 0 | |a slo | |
| 044 | |a SK | ||
| 245 | 1 | 0 | |a Komparácia poisťovní a bánk |b diplomová práca |c Lucia Szilágyiová ; školiteľ: Erika Pastoráková |
| 264 | 1 | |a Bratislava |c 2017 | |
| 300 | |a 58 s. | ||
| 100 | 1 | |a Szilágyiová, Lucia | |
| 700 | 1 | |a Pastoráková, Erika, 1972- | |
| 710 | 2 | |a Národohospodárska fakulta EU. Katedra poisťovníctva | |